Pablo Picasso: suite Vollard

Gespeichert in:
Bibliographische Detailangaben
1. Verfasser: Bolliger, Hans (VerfasserIn)
Format: Buch
Sprache:Deutsch
Veröffentlicht: Zurich Arthur Niggli 1956
Schlagworte:
Tags: Tag hinzufügen
Keine Tags, Fügen Sie den ersten Tag hinzu!

MARC

LEADER 00000nam a2200000 a 4500
001 UCU9208
003 CL-VaPUC
008 960809e19560000SZ |||||||||||||||||ger|d
082 0 4 |a 741.092  |b BOL  |2 21 
100 0 |a Bolliger, Hans  |e author  |9 368326 
245 1 0 |a Pablo Picasso: suite Vollard 
300 |a 24 p 
942 |c BK 
945 |d 19960809 00:00:00  |a rleighto 
260 |a Zurich  |b Arthur Niggli  |c 1956 
600 0 7 |a PICASSO, PABLO  |2 CL-VaPUC  |9 265273 
650 0 |a Arte moderno  |9 265333 
650 0 |a Arte español  |9 341293 
650 0 |a Dibujos  |9 264123 
650 0 |a Pintores españoles  |9 315216 
650 0 |a Cubismo  |9 265275 
650 0 |a Surrealismo  |9 265502 
650 7 |a EXPRESIONISMO  |2 CL-VaPUC  |9 268711 
583 |a last modification  |c 20130608 06:32:59  |k Rodrigo Vera 
999 |c 251074  |d 251072 
952 |0 0  |1 0  |4 0  |6 741_092000000000000_BOL_1956  |7 0  |8 A  |9 270007  |a BIBARQ  |b BIBARQ  |d 2019-11-19  |i 3216888  |o 741.092 BOL 1956  |p 3216888  |r 2025-01-20  |w 2019-11-19  |y BK  |k ARQ